00000000nam 2200000zi 4500
0019.952497
003CaOODSP
00520250717112837
006m     o  d f      
007cr cn|||||||||
008250619t20252025onca    obs  f000 0 eng d
020 |a9780660778785
040 |aCaOODSP|beng|erda|cCaOODSP
043 |an-cn---
0861 |aCS982-00004/2026-1E-PDF
24500|aContent changes for the 2026 Census of Population : |bdate of birth (age), sex at birth and gender, relationship to Person 1, and marital status.
264 1|a[Ottawa] : |bStatistics Canada = Statistique Canada, |c2025.
264 4|c©2025
300 |a1 online resource (4 pages) : |billustrations.
336 |atext|btxt|2rdacontent
337 |acomputer|bc|2rdamedia
338 |aonline resource|bcr|2rdacarrier
4901 |a2026 Census content fact sheets ; |vissue 2026001
500 |aCover title.
500 |aIssued also in French under title: Changements relatifs au contenu du Recensement de la population de 2026 : date de naissance (âge), sexe à la naissance et genre, lien avec la Personne 1 et état matrimonial.
500 |a"Release date: July 4, 2025."
504 |aIncludes bibliographical references.
520 |a"This fact sheet offers a summary of content changes for the 2026 Census specific to the following topics: date of birth (age), sex at birth and gender, relationship to Person 1, and marital status. The tested changes for each topic are explained below, along with the resulting approach for 2026"--Introduction, page 1.
650 0|aDemographic surveys|zCanada|xMethodology.
650 0|aAge distribution (Demography)|zCanada|vStatistics.
650 0|aSex distribution (Demography)|zCanada|vStatistics.
650 0|aMarital status|zCanada|vStatistics.
651 0|aCanada|xCensus, 2026|xMethodology.
655 7|aStatistics|2lcgft
7102 |aStatistics Canada, |eissuing body.
77508|tChangements relatifs au contenu du Recensement de la population de 2026 : |w(CaOODSP)9.952498
830#0|a2026 Census content fact sheets ;|vissue 2026001.|w(CaOODSP)9.953060
85640|qPDF|s336 KB|uhttps://publications.gc.ca/collections/collection_2025/statcan/98-20-0004/98-20-00042026001-eng.pdf
8564 |qHTML|sN/A|uhttps://www12.statcan.gc.ca/census-recensement/2026/ref/98-20-0004/2026001/98-20-00042026001-eng.cfm
986 |a98-20-0004